Online
Catalog

Lo social y yo : (Record no. 14838)

MARC details
000 -CABECERA
campo de control de longitud fija 00792cam a2200217 a 4500
001 - NÚMERO DE CONTROL
campo de control 000015272
005 - FECHA Y HORA DE LA ÚLTIMA TRANSACCIÓN
campo de control 20250717131055.0
008 - DATOS DE LONGITUD FIJA--INFORMACIÓN GENERAL
campo de control de longitud fija 840512s1964 sp ab 001 0 spa d
040 ## - FUENTE DE LA CATALOGACIÓN
Centro catalogador/agencia de origen DO-SdBNP
Lengua de catalogación spa
Centro/agencia transcriptor DLC
Centro/agencia modificador BNPHU
082 ## - NÚMERO DE LA CLASIFICACIÓN DECIMAL DEWEY
Número de clasificación 230.071
Número de documento/Ítem G492s
049 ## - FONDOS LOCALES (OCLC)
Fondos de biblioteca BNGR
100 1# - ENTRADA PRINCIPAL--NOMBRE DE PERSONA
Nombre de persona Giner, Carlos.
9 (RLIN) 34549
245 10 - MENCIÓN DE TÍTULO
Título Lo social y yo :
Resto del título texto de doctrina social católica /
Mención de responsabilidad, etc. Carlos Giner, Dionisio Aranzadi.
260 ## - PUBLICACIÓN, DISTRIBUCIÓN, ETC.
Lugar de publicación, distribución, etc. Bilbao, España :
Nombre del editor, distribuidor, etc. Editorial El mensajero del corazón de jesús,
Fecha de publicación, distribución, etc. 1964.
300 ## - DESCRIPCIÓN FÍSICA
Extensión 287 p. :
Otras características físicas il., mapas ;
Dimensiones 22 cm.
650 #4 - PUNTO DE ACCESO ADICIONAL DE MATERIA--TÉRMINO DE MATERIA
Término de materia o nombre geográfico como elemento de entrada Sociología cristiana
Subdivisión general Iglesia católica
9 (RLIN) 34550
650 #4 - PUNTO DE ACCESO ADICIONAL DE MATERIA--TÉRMINO DE MATERIA
Término de materia o nombre geográfico como elemento de entrada Sociología cristiana
Subdivisión general Enseñanza pontificia
9 (RLIN) 8585
650 #0 - PUNTO DE ACCESO ADICIONAL DE MATERIA--TÉRMINO DE MATERIA
Término de materia o nombre geográfico como elemento de entrada Educación religiosa
9 (RLIN) 682
700 1# - PUNTO DE ACCESO ADICIONAL--NOMBRE DE PERSONA
Nombre de persona Aranzadi, Dionisio
9 (RLIN) 34551
910 ## - DATOS DE OPCIÓN DEL USUARIO (OCLC)
Datos de opción del usuario Catalogación por copia / LC
Holdings
Estado de retiro Estado de pérdida Restricciones de uso No para préstamo Código de colección Localización permanente Ubicación/localización actual Ubicación en estantería Fecha de adquisición Número de inventario Total de préstamos Signatura topográfica completa Código de barras Fecha visto por última vez Precio válido a partir de Tipo de ítem Koha
        Monografías: Libros y Folletos General General En catalogación 03.02.2010 LF1   230.071 G492s 15272-10 25.06.2020 25.06.2020 Préstamo en sala

Powered by Koha